Efektívnosť reklamných kampaní na internete - ukážky diplomová práca

Gespeichert in:
Bibliographische Detailangaben
1. Verfasser: Marcin, Radko
Körperschaft: Obchodná fakulta EU. Katedra informatiky obchodných firiem
Weitere Verfasser: Pólya, Attila
Format: Buch
Sprache:Slowakisch
Veröffentlicht: Bratislava 2013
Tags: Tag hinzufügen
Keine Tags, Fügen Sie das erste Tag hinzu!

MARC

LEADER 00000nbm a2200000 4500
001 0169569
005 20161109102312.6
041 0 |a slo 
044 |a SK 
245 1 0 |a Efektívnosť reklamných kampaní na internete - ukážky  |b diplomová práca  |c Radko Marcin ; Attila Pólya 
264 1 |a Bratislava  |c 2013 
300 |a 88 s. 
100 1 |a Marcin, Radko 
700 1 |a Pólya, Attila 
710 2 |a Obchodná fakulta EU. Katedra informatiky obchodných firiem